00440nam a22001692 4500001001100000005001700011008004100028020001700069040001500086100003000101245004000131250001300171260002700184300001600211650004000227852000300267000002045620151217155229.0110919s xx 000 0 eng d a1412946896 : aKABUcKABU1 aOliver, Paul.@000018072310aWriting your thesis /cPaul Oliver. a2nd ed. aLondon :bSAGE,c2008. aix, 172 p. 0aDissertation, Academic.@00001481551